| 000 | 00661nam a2200217Ii 4500 | ||
|---|---|---|---|
| 003 | JO-AjNU | ||
| 008 | 230606s9999||||xx |||||||||||||| ||und|| | ||
| 020 | _a978-0-470-128763/0-470-128763 | ||
| 040 |
_aJO-AjNU _beng _erda _cJO-AjNU |
||
| 041 | _aeng | ||
| 050 | 1 | 4 | _aHF5635 . K5 2008 |
| 100 | 3 |
_aKieso,Donald E / Weygandt,Jerry J/ Warfield,Terry, _eauthor _93383 |
|
| 245 | 0 | 0 | _aIntermediate Accounting vol.2 |
| 250 | _a12th ed | ||
| 264 | 3 | 1 | _aNew York: John Wiley and Sons,2008 |
| 300 | _avolume 2: 1359p | ||
| 336 |
_atext _btxt _2rdacontent |
||
| 337 |
_aunmediated _bn _2rdamedia |
||
| 338 |
_avolume _bnc _2rdacarrier |
||
| 650 | 4 |
_aAccounting _93384 |
|
| 999 |
_aE1767 _c1767 _d1767 |
||